| 000 | 01520nam a2200325 4500 | ||
|---|---|---|---|
| 003 | CO-CtgCURN | ||
| 005 | 20250329165441.0 | ||
| 008 | 160531s2002 000 0 eng d | ||
| 040 |
_aCO-CtgCURN _bspa _ccoctgcurn |
||
| 082 | 0 |
_aINQ 2002 _bA681 |
|
| 245 | 0 | 0 |
_aManual de tecnicas quirúrgicas e instrumental para el tratamiento de las fracturas en ortopedia / _cRosa Arenas Madariaga ... [et al.] ; asesor, Fernando Beltran. |
| 260 |
_aCartagena de Indias : _bCorporacion Universitaria Rafael Nuñez, _c2002. |
||
| 300 | _a66 h. | ||
| 336 | _2rdacontent | ||
| 337 |
_2rdamedia _asin mediacion _bn |
||
| 338 |
_2rdacarrier _avolumen _bnc |
||
| 500 | _aIncluye anexos. | ||
| 502 | _aTrabajo de grado (Instrumentador Quirurgico). Corporacion Universitaria Rafael Nuñez. Facultad de Ciencias de la Salud. Programa de Instrumentación Quirúrgica, 2002. | ||
| 504 | _aIncluye bibliografia. | ||
| 590 | _aInstrumentación Quirúrgica | ||
| 650 | 0 |
_aInstrumentación Quirúrgica _vTesis y disertaciones academicas. |
|
| 700 | 1 | _aArenas Madariaga, Rosa. | |
| 700 | 1 | _aBaza Padilla, Mailing. | |
| 700 | 1 | _aPolo Carrillo, Katia. | |
| 700 | 1 | _aPulgarin Gonzalez, Sandra. | |
| 700 | 1 |
_aBeltran, Fernando, _easesor. |
|
| 856 | 7 |
_uhttps://unicurn.sharepoint.com/:b:/s/biblioteca/EX0YQFuJCORDs91N6s6OTLIBta6VOsumB5aAcjKZvF7Q6w?e=as4p7y _zClick aqui para ver el recurso en texto completo |
|
| 942 |
_hINQ 2002 _iA681 _2ddc _cTG |
||
| 999 |
_c4419 _d4419 |
||